Les biopics au cinéma - Statistiques

Statistiques générales
  • Ce quiz a été pris 353 fois
    294 depuis la dernière actualisation
  • Le résultat moyen est 10 sur 35
Statistiques - réponses
Hint Réponse % Correct
Freddie Mercury Bohemian Rhapsody
83%
Elvis Presley Elvis
81%
Édith Piaf La Môme
79%
Mark Zuckerberg The Social Network
77%
Elton John Rocketman
70%
Muhammad Ali Ali
58%
Ray Charles Ray
58%
Mozart Amadeus
56%
Priscilla Presley Priscilla
50%
Oskar Schindler La Liste de Schindler
46%
Mahatma Gandhi Gandhi
43%
Marilyn Monroe Blonde
38%
Steve Jobs Jobs
32%
Jim Morrison The Doors
23%
Tonya Harding Moi, Tonya
22%
Johnny Cash Walk the Line
21%
Edward Wood Ed Wood
18%
Jake LaMotta Raging Bull
18%
Judy Garland Judy
16%
Lady Diana Spencer
15%
Howard Hughes Aviator
14%
Aretha Franklin Respect
14%
Władysław Szpilman Le Pianiste
7%
Bayard Rustin Rustin
6%
Jonathan Larson Tick, Tick... Boom !
5%
Joy Mangano Joy
4%
Dicky Eklund Fighter
3%
Lili Elbe The Danish Girl
3%
Aron Ralston 127 heures
2%
Chris Gardner À la recherche du bonheur
2%
Lucille Ball / Desi Arnaz Being the Ricardos
2%
Billy Beane Le Stratège
2%
Henk Rogers Tetris
2%
John Nash Un homme d'exception
2%
Jim Braddock De l'ombre à la lumière / Cinderella Man
1%
Aucun quiz correspondant
Distribution des résultats
% des personnes avec chaque résultat
Percentile par nombre de réponses
Votre historique - résultats
Vous n’avez pas pris ce quiz depuis la dernière actualisation